Les 15 brawlers les plus récent - Statistiques

Statistiques générales
  • Ce quiz a été pris 22 fois
  • Le résultat moyen est 6 sur 15
Statistiques - réponses
Hint Réponse % Correct
93 Alli
73%
92 Kaze
67%
91 Jae-Yong
60%
88 Ollie
60%
90 Finx
53%
86 Juju
47%
89 Lumi
47%
94 Trunk
40%
84 Kenji
33%
87 Meeple
33%
81 Berry
27%
82 Clancy
27%
80 Lily
27%
83 Moe
27%
85 Shade
27%
Aucun quiz correspondant
Distribution des résultats
% des personnes avec chaque résultat
Percentile par nombre de réponses
Votre historique - résultats
Vous n’avez pas pris ce quiz